000
00254nam a22001217a 4500
003
OSt
008
221102b |||||||| |||| 00| 0 eng d
041
_a
MAL
082
_a
294.5924
_b
KM/BH
100
_a
K.M
_9
5282
245
_a
BHAGAVATH GEETHA
942
_c
BK
999
_c
17568
_d
17568